00838nam a2200229 u 450000100070000000500170000700800410002403500110006504000130007604100080008908000060009710000400010324501430014326000430028630000150032950401080034465000240045265000160047665000260049265000190051877300710053715893420240304090713.0971216s1957 ||||||m| spa  a158934 ccomduadb aspa aT10aVasquez Lopez, J. Climaco4auteaut10aRevision de los casos de embarazo ectopico ocurridos en el Hospital de San Vicente de Paul de esta ciudad, durante los anos de 1951 a 1956 aMedellín :b[sin publicador],c1957. a138h. .il. aTesis(Doctor en Medicina y CIrugia).Universidad de Antioquia,Facultad de Medicina y Ciencias Naturales. 0aEmbarazo ectópico 7aAborto2dcs 7aBioestadística2dcs 7aEmbarazo2lemb0 tTesis Facultad de Medicina U. de A. 421g138h. .il.w158932072054